000 00678nam a2200193Ii 4500
003 JO-AjNU
008 230605s9999||||xx |||||||||||||| ||und||
040 _aJO-AjNU
_bara
_erda
_cJO-AjNU
041 _aara
050 1 4 _aBP70.S4
100 3 _aالشرباصي، أحمد,
_eauthor
_938834
245 0 0 _aالأئمة الأربعة :أبو حنيفة-مالك بن أنس-الشافعي-أحمد بن حنبل
264 3 1 _aبيروت:دار الجيل، د.ت
300 _a207ص
336 _atext
_btxt
_2rdacontent
337 _aunmediated
_bn
_2rdamedia
338 _avolume
_bnc
_2rdacarrier
650 4 _aالائمة الاربعة-المذاهب الفقهية
_938835
999 _aA16349
_c19917
_d19917